000
00221nam a22000857a 4500
008
160702b xxu||||| |||| 00| 0 eng d
100
_9
1773
_a
Dhawan, M.L
245
_a
Issues in Indian Education
260
_a
Delhi
_b
Isha
_c
2005
999
_c
1477
_d
1477